[Event "La Roda op 48th"]
[Site "La Roda"]
[Date "2022.04.17"]
[Round "8"]
[White "Garcia Gata, Jorge David"]
[Black "Domingo Nunez, Ruben"]
[Result "0-1"]
[WhiteElo "2106"]
[BlackElo "2401"]
[PlyCount "80"]
[EventDate "2022.04.13"]
[EventType "swiss"]
[EventRounds "9"]
[EventCountry "ESP"]
[SourceTitle "CBM 207 Extra"]
[Source "ChessBase"]
[SourceDate "2022.05.31"]
[SourceVersion "1"]
[SourceVersionDate "2022.05.31"]
[SourceQuality "1"]

1. d4 Nf6 2. c4 e6 3. Nc3 Bb4 4. a3 Bxc3+ 5. bxc3 b6 6. f3 Nc6 7. e4 Ba6 8. Bd3 Na5 9. Qe2 d6 10. f4 Qd7 11. Nf3 Qa4 12. Nd2 0-0-0 13. 0-0 e5 14. Rb1 Rhe8 15. c5 Bxd3 16. Qxd3 exd4 17. cxb6 axb6 18. cxd4 d5 19. Qa6+ Kd7 20. Rb4 Qc2 21. e5 Ne4 22. Nxe4 Qxe4 23. f5 Nc4 24. Rf4 Qc2 25. Rf1 Ke7 26. Qb7 Na5 27. Qa6 f6 28. Rb2 Qc3 29. Rd2 Nb3 30. Rd3 Qc4 31. Qxc4 dxc4 32. Rc3 Rxd4 33. e6 b5 34. h3 Rd3 35. Rxd3 cxd3 36. Bf4 c5 37. Rd1 c4 38. Bd2 Nxd2 39. Rxd2 Rd8 40. Kf2 c3 0-1

[Event "La Roda op 47th"]
[Site "La Roda"]
[Date "2021.12.08"]
[Round "7"]
[White "Garcia Gata, Jorge David"]
[Black "Hernandez Leon, Alberto"]
[Result "1/2-1/2"]
[WhiteElo "2038"]
[BlackElo "2235"]
[PlyCount "45"]
[EventDate "2021.12.04"]
[EventType "swiss"]
[EventRounds "9"]
[EventCountry "ESP"]
[SourceTitle "CBM 205 Extra"]
[Source "ChessBase"]
[SourceDate "2022.01.31"]
[SourceVersion "1"]
[SourceVersionDate "2022.01.31"]
[SourceQuality "1"]

1. d4 Nf6 2. c4 c5 3. d5 e6 4. Nc3 exd5 5. cxd5 d6 6. e4 g6 7. f4 Bg7 8. Nf3 0-0 9. Be2 Re8 10. e5 dxe5 11. fxe5 Ng4 12. e6 fxe6 13. d6 a6 14. a4 Nd7 15. 0-0 Qb6 16. a5 Qc6 17. h3 Nge5 18. Bf4 Rf8 19. Qd2 Rxf4 20. Qxf4 Qxd6 21. Nxe5 Nxe5 22. Rad1 Qe7 23. Ne4 1/2-1/2

[Event "La Roda op 47th"]
[Site "La Roda"]
[Date "2021.12.05"]
[Round "4"]
[White "Garcia Gata, Jorge David"]
[Black "Alonso Garcia, Aaron"]
[Result "0-1"]
[WhiteElo "2038"]
[BlackElo "2367"]
[PlyCount "47"]
[EventDate "2021.12.04"]
[EventType "swiss"]
[EventRounds "9"]
[EventCountry "ESP"]
[SourceTitle "CBM 205 Extra"]
[Source "ChessBase"]
[SourceDate "2022.01.31"]
[SourceVersion "1"]
[SourceVersionDate "2022.01.31"]
[SourceQuality "1"]

1. d4 Nf6 2. c4 e6 3. Nf3 Bb4+ 4. Nbd2 b6 5. a3 Bxd2+ 6. Bxd2 Bb7 7. e3 0-0 8. Bd3 d6 9. 0-0 Nbd7 10. Qc2 c5 11. Bc3 cxd4 12. Nxd4 Ne5 13. Rad1 Nxd3 14. Qxd3 d5 15. Bb4 Re8 16. Nb5 Ba6 17. a4 Bxb5 18. axb5 dxc4 19. Qxc4 Qc8 20. Qh4 Nd5 21. Rc1 Qd7 22. Rc6 a6 23. Rfc1 axb5 24. Qd4 0-1

[Event "ESP-chT Rapid"]
[Site "Ciudad Real"]
[Date "2021.10.09"]
[Round "2.6"]
[White "Iglesias Ferreira, Andres"]
[Black "Garcia Gata, Jorge David"]
[Result "0-1"]
[WhiteElo "2065"]
[BlackElo "2038"]
[PlyCount "106"]
[EventDate "2021.10.09"]
[EventType "team-swiss (rapid)"]
[EventRounds "9"]
[EventCountry "ESP"]
[SourceTitle "CBM 204 Extra"]
[Source "ChessBase"]
[SourceDate "2021.11.30"]
[SourceVersion "1"]
[SourceVersionDate "2021.11.30"]
[SourceQuality "1"]
[WhiteTeam "Solvay"]
[BlackTeam "Albacete Excalibur II"]
[WhiteTeamCountry "ESP"]
[BlackTeamCountry "ESP"]

1. e4 c5 2. Nf3 Nc6 3. d4 cxd4 4. Nxd4 g6 5. Nc3 Bg7 6. Be3 Nf6 7. Nxc6 bxc6 8. e5 Ng8 9. f4 Nh6 10. Bd3 0-0 11. 0-0 d5 12. exd6 exd6 13. Qf3 Ng4 14. h3 Nxe3 15. Qxe3 Rb8 16. Rab1 Qa5 17. f5 Bxf5 18. Bxf5 gxf5 19. Qg5 h6 20. Qxf5 Qxf5 21. Rxf5 Bxc3 22. Rd1 Be5 23. b3 Rb4 24. c4 f6 25. Kh1 Rbb8 26. Rd3 Rbd8 27. g4 d5 28. c5 Kg7 29. h4 Rb8 30. Kg2 Rb5 31. g5 hxg5 32. hxg5 Rxc5 33. Rdf3 Rc2+ 34. Kf1 Rxa2 35. Ke1 Rh8 36. gxf6+ Kf7 37. Rf1 Ra1+ 38. Ke2 Rxf1 39. Rxf1 Bxf6 40. Rc1 Rc8 41. Kd3 Ke6 42. Re1+ Kd6 43. Rf1 Be5 44. Rf7 Rc7 45. Rf8 Rh7 46. Rd8+ Kc5 47. Re8 Rh3+ 48. Kc2 Bd4 49. Rb8 Rh2+ 50. Kc1 Bc3 51. Kd1 d4 52. Kc1 d3 53. Rg8 Rh1+ 0-1

[Event "Rutas de Cuenca op 3rd"]
[Site "Cuenca"]
[Date "2016.06.18"]
[Round "3"]
[White "Fernandez Cano, Victor"]
[Black "Garcia Gata, Jorge David"]
[Result "1-0"]
[WhiteElo "2156"]
[BlackElo "2000"]
[PlyCount "77"]
[EventDate "2016.06.17"]
[EventType "swiss"]
[EventRounds "7"]
[EventCountry "ESP"]
[SourceTitle "EXT 2019"]
[Source "ChessBase"]
[SourceDate "2018.10.10"]
[SourceVersion "1"]
[SourceVersionDate "2018.10.10"]
[SourceQuality "1"]

1. Nf3 Nf6 2. c4 c5 3. d4 cxd4 4. Nxd4 e5 5. Nb5 d5 6. cxd5 Bc5 7. e3 0-0 8. N5c3 e4 9. Be2 Nbd7 10. Nd2 Qe7 11. a3 a6 12. b4 Bd6 13. Nc4 Bb8 14. Bb2 b5 15. Na5 Ne5 16. Qb3 Bg4 17. 0-0-0 Bc7 18. Bxg4 Nfxg4 19. Nxe4 Bxa5 20. bxa5 Nc4 21. Rd4 Nxa5 22. Qd1 f5 23. Kb1 Nc4 24. d6 Qd8 25. h3 Nge5 26. Nc5 Nxb2 27. Kxb2 Nc4+ 28. Ka2 Rc8 29. Ne6 Qa5 30. Qb3 Nxa3 31. Nxf8+ Kxf8 32. Qb4 Rc2+ 33. Ka1 Qxb4 34. Rxb4 Rd2 35. Rf4 g6 36. g4 Nc2+ 37. Kb2 b4 38. Kc1 Re2 39. Kd1 1-0

[Event "Rutas de Cuenca op 2nd"]
[Site "Cuenca"]
[Date "2015.06.20"]
[Round "5"]
[White "Garcia Gata, Jorge David"]
[Black "Vazquez Gonzalez, Jesus"]
[Result "1-0"]
[WhiteElo "2054"]
[BlackElo "1963"]
[PlyCount "77"]
[EventDate "2015.06.19"]
[EventType "swiss"]
[EventRounds "7"]
[EventCountry "ESP"]
[SourceTitle "EXT 2019"]
[Source "ChessBase"]
[SourceDate "2018.10.10"]
[SourceVersion "1"]
[SourceVersionDate "2018.10.10"]
[SourceQuality "1"]

1. d4 g6 2. c4 Bg7 3. Nc3 c5 4. d5 e5 5. e4 d6 6. Bd3 Ne7 7. Nge2 0-0 8. h4 h6 9. h5 g5 10. Ng3 f5 11. exf5 Nxf5 12. Nxf5 Bxf5 13. Bxf5 Rxf5 14. Qg4 Qd7 15. Be3 Na6 16. a3 Raf8 17. Ne4 Qe7 18. 0-0 b6 19. Rfb1 Kh8 20. b4 R8f7 21. Ng3 Qd7 22. Nxf5 Rxf5 23. b5 Nc7 24. a4 Ne8 25. a5 Nf6 26. Qe2 g4 27. axb6 axb6 28. Ra8+ Kh7 29. Rba1 Rxh5 30. Qc2+ e4 31. Bf4 Qf5 32. Bxd6 Ne8 33. Rxe8 Bxa1 34. Qxe4 Bd4 35. Re7+ Kh8 36. Qxf5 Rxf5 37. Bg3 Rf6 38. Re4 h5 39. Rxd4 1-0

[Event "La Roda op 42nd"]
[Site "La Roda"]
[Date "2015.04.05"]
[Round "8"]
[White "Moya Albaladejo, Jose Antonio"]
[Black "Garcia Gata, Jorge David"]
[Result "0-1"]
[WhiteElo "1909"]
[BlackElo "2059"]
[PlyCount "48"]
[EventDate "2015.04.01"]
[EventType "swiss"]
[EventRounds "9"]
[EventCountry "ESP"]
[SourceTitle "CBM 165 Extra"]
[Source "ChessBase"]
[SourceDate "2015.04.21"]
[SourceVersion "1"]
[SourceVersionDate "2015.04.21"]
[SourceQuality "1"]

1. e4 c5 2. Nf3 Nc6 3. Bb5 e6 4. 0-0 Nge7 5. c3 a6 6. Ba4 b5 7. Bc2 d5 8. e5 d4 9. Be4 d3 10. Ng5 Nd5 11. f4 Bb7 12. Bxd3 Be7 13. Nh3 Qd7 14. Be4 0-0-0 15. d3 f5 16. Bf3 g5 17. Nxg5 Bxg5 18. fxg5 Nxe5 19. Be2 h6 20. d4 hxg5 21. dxe5 Qh7 22. h3 Nf4 23. Qe1 Nxh3+ 24. gxh3 Qxh3 0-1

[Event "Benidorm op U2300 12th"]
[Site "Benidorm"]
[Date "2013.11.29"]
[Round "1"]
[White "Garcia Gata, Jorge David"]
[Black "Remolar Gallen, Jose"]
[Result "1/2-1/2"]
[WhiteElo "2061"]
[BlackElo "2213"]
[PlyCount "57"]
[EventDate "2013.11.29"]
[EventType "swiss"]
[EventRounds "10"]
[EventCountry "ESP"]
[SourceTitle "CBM 157 Extra"]
[Source "ChessBase"]
[SourceDate "2013.12.19"]
[SourceVersion "1"]
[SourceVersionDate "2013.12.19"]
[SourceQuality "1"]

1. d4 d5 2. c4 e6 3. Nc3 c5 4. e3 Nf6 5. Nf3 Bd6 6. a3 0-0 7. dxc5 Bxc5 8. b4 Be7 9. cxd5 exd5 10. Bb2 Be6 11. Bd3 Nbd7 12. 0-0 a5 13. Ng5 axb4 14. axb4 Rxa1 15. Bxa1 h6 16. Nxe6 fxe6 17. Ne2 Bxb4 18. Nf4 Re8 19. Nh5 Bd6 20. Nxg7 Kxg7 21. Qg4+ Kf8 22. Qg6 Qe7 23. Bb5 e5 24. f4 exf4 25. Bxd7 Nxd7 26. Qxh6+ Kf7 27. Qg7+ Ke6 28. Qg4+ Kf7 29. Qg7+ 1/2-1/2

[Event "Almansa op 6th"]
[Site "Almansa"]
[Date "2011.08.09"]
[Round "1"]
[White "Albo Ruiz, Jose Martin"]
[Black "Garcia Gata, Jorge David"]
[Result "0-1"]
[WhiteElo "1934"]
[BlackElo "2125"]
[PlyCount "110"]
[EventDate "2011.08.09"]
[EventType "swiss"]
[EventRounds "9"]
[EventCountry "ESP"]
[SourceTitle "CBM 144 Extra"]
[Source "ChessBase"]
[SourceDate "2011.10.28"]
[SourceVersion "1"]
[SourceVersionDate "2011.10.28"]
[SourceQuality "1"]

1. d4 Nf6 2. c4 c5 3. d5 b5 4. Nf3 g6 5. g3 bxc4 6. Nc3 d6 7. Bg2 Bg7 8. Qa4+ Nbd7 9. e4 0-0 10. Qxc4 Qa5 11. Bf1 Nxe4 12. Qxe4 Bxc3+ 13. Nd2 Bd4 14. Bc4 Ne5 15. 0-0 Nxc4 16. Nxc4 Qb4 17. Nd2 Re8 18. a3 Qa4 19. b3 Qa6 20. Ra2 Bf5 21. Qh4 Bf6 22. Qh6 Bg7 23. Qh4 Qd3 24. Re1 Qxd5 25. Nc4 Qf3 26. Rae2 Be6 27. Re3 Qf5 28. g4 Qf6 29. Qg3 Bxc4 30. bxc4 Qd4 31. Qf3 Be5 32. Qe2 Bg7 33. Qf3 Rab8 34. Kg2 Qf6 35. Qe2 e5 36. Qd3 Qe6 37. h3 Bh6 38. Rxe5 dxe5 39. Bxh6 Rbd8 40. Qc3 Rd4 41. Be3 Rxc4 42. Qa5 Qc6+ 43. Kg1 Ra4 44. Qxc5 Qxc5 45. Bxc5 f5 46. g5 a6 47. Bd6 e4 48. Rb1 Rd4 49. Rb6 a5 50. Ra6 a4 51. Bb4 f4 52. Ra7 e3 53. fxe3 fxe3 54. Kf1 e2+ 55. Kf2 Rxb4 0-1

[Event "Albacete op 17th"]
[Site "Albacete"]
[Date "2009.09.02"]
[Round "3"]
[White "Marholev, Dimitar"]
[Black "Garcia Gata, Jorge David"]
[Result "1-0"]
[WhiteElo "2413"]
[BlackElo "2157"]
[PlyCount "69"]
[EventDate "2009.09.01"]
[EventType "swiss"]
[EventRounds "9"]
[EventCountry "ESP"]
[SourceTitle "CBM 132 Extra"]
[Source "ChessBase"]
[SourceDate "2009.11.03"]
[SourceVersion "1"]
[SourceVersionDate "2009.11.03"]
[SourceQuality "1"]

1. e4 c5 2. Nc3 d6 3. f4 Nc6 4. Nf3 g6 5. Bb5 Bg7 6. Bxc6+ bxc6 7. h3 Nf6 8. d3 0-0 9. 0-0 Rb8 10. Qe1 e6 11. b3 Ne8 12. Rb1 Nc7 13. Bb2 Nb5 14. Ne2 Bxb2 15. Rxb2 f6 16. c4 Nc7 17. g4 e5 18. f5 Rb7 19. Qh4 Ne8 20. Ng3 g5 21. Qh6 d5 22. h4 gxh4 23. Qxh4 Nd6 24. Rg2 Nf7 25. Nh5 Ng5 26. Nxf6+ Qxf6 27. Qxg5+ Qxg5 28. Nxg5 a5 29. Nf3 Re7 30. Re1 d4 31. Kh2 Bd7 32. Kg3 a4 33. bxa4 Ra8 34. Rb1 Rxa4 35. Rb7 1-0

[Event "Almansa op-A 4th"]
[Site "Almansa"]
[Date "2009.08.11"]
[Round "2"]
[White "Longa Yauca, Javier"]
[Black "Garcia Gata, Jorge David"]
[Result "1-0"]
[WhiteElo "2293"]
[BlackElo "2149"]
[PlyCount "70"]
[EventDate "2009.08.10"]
[EventType "swiss"]
[EventRounds "9"]
[EventCountry "ESP"]
[SourceTitle "CBM 131 Extra"]
[Source "ChessBase"]
[SourceDate "2009.09.03"]
[SourceVersion "2"]
[SourceVersionDate "2009.09.16"]
[SourceQuality "1"]

1. d4 Nf6 2. c4 c5 3. d5 b5 4. Qc2 Na6 5. a3 d6 6. e4 b4 7. Nf3 g6 8. e5 Ng4 9. e6 Qa5 10. exf7+ Kxf7 11. Bd2 Bg7 12. Ng5+ Ke8 13. h3 Ne5 14. f4 Bf5 15. Qb3 Nf7 16. Ne6 Bf6 17. Be2 Nd8 18. Ng5 Rb8 19. 0-0 h6 20. Nf3 Kf7 21. g4 Bd7 22. Ne5+ dxe5 23. fxe5 Qc7 24. d6 Qb7 25. dxe7 Kxe7 26. Bf3 Bc6 27. exf6+ Kf7 28. Bd5+ Bxd5 29. cxd5 bxa3 30. Qxa3 Nb4 31. Bxb4 cxb4 32. Qxa7 Re8 33. Nd2 Re2 34. Nc4 Kf8 35. Qc5+ Kg8 1-0

[Event "Malaga op 11th"]
[Site "Malaga"]
[Date "2008.02.27"]
[Round "6"]
[White "Garcia Gata, Jorge David"]
[Black "Ferrer, Pedro"]
[Result "1-0"]
[WhiteElo "2130"]
[BlackElo "2297"]
[PlyCount "49"]
[EventDate "2008.02.23"]
[EventType "swiss"]
[EventRounds "9"]
[EventCountry "ESP"]
[SourceTitle "CBM 123 Extra"]
[Source "ChessBase"]
[SourceDate "2008.05.06"]
[SourceVersion "1"]
[SourceVersionDate "2008.05.06"]
[SourceQuality "1"]

1. d4 Nf6 2. Nf3 e6 3. Bg5 c5 4. e3 Be7 5. Nbd2 b6 6. c3 0-0 7. Bd3 Ba6 8. Bxa6 Nxa6 9. 0-0 d5 10. Ne5 Nb8 11. f4 Nfd7 12. Bxe7 Qxe7 13. e4 cxd4 14. cxd4 Nf6 15. Qf3 dxe4 16. Nxe4 Nxe4 17. Qxe4 Nd7 18. Qb7 Rad8 19. Nc6 Qd6 20. Nxd8 Rxd8 21. Rac1 h5 22. Kh1 a5 23. f5 exf5 24. Rxf5 Qxd4 25. Rd5 1-0

[Event "Benidorm op U2300 06th"]
[Site "Benidorm"]
[Date "2007.12.05"]
[Round "6"]
[White "Garcia Gata, Jorge David"]
[Black "Jove Grau, Lluis"]
[Result "1-0"]
[WhiteElo "2135"]
[BlackElo "2220"]
[PlyCount "31"]
[EventDate "2007.11.30"]
[EventType "swiss"]
[EventRounds "9"]
[EventCountry "ESP"]
[SourceTitle "CBM 121 Extra"]
[Source "ChessBase"]
[SourceDate "2008.01.10"]
[SourceVersion "1"]
[SourceVersionDate "2008.01.10"]
[SourceQuality "1"]

1. d4 c5 2. d5 e5 3. e4 d6 4. Nc3 Ne7 5. Be2 Ng6 6. Bg4 Nd7 7. Nge2 Be7 8. 0-0 a6 9. Ng3 Nh4 10. Nh5 Bf8 11. f4 exf4 12. Bxf4 Ng6 13. Bxd6 Nge5 14. Bxd7+ Nxd7 15. Bxf8 Kxf8 16. Qg4 1-0

[Event "Benidorm op U2300 06th"]
[Site "Benidorm"]
[Date "2007.12.02"]
[Round "3"]
[White "Van Hoolandt, Patrick"]
[Black "Garcia Gata, Jorge David"]
[Result "0-1"]
[WhiteElo "2245"]
[BlackElo "2135"]
[PlyCount "72"]
[EventDate "2007.11.30"]
[EventType "swiss"]
[EventRounds "9"]
[EventCountry "ESP"]
[SourceTitle "CBM 121 Extra"]
[Source "ChessBase"]
[SourceDate "2008.01.10"]
[SourceVersion "1"]
[SourceVersionDate "2008.01.10"]
[SourceQuality "1"]

1. d4 Nf6 2. c4 c5 3. d5 b5 4. cxb5 a6 5. bxa6 g6 6. Nc3 Bxa6 7. Nf3 d6 8. g3 Bg7 9. Bg2 Nbd7 10. Rb1 Nb6 11. b3 0-0 12. 0-0 Qc7 13. Bb2 Qb7 14. Nh4 Rfb8 15. Qc2 Qa7 16. Rfd1 c4 17. b4 Nbd7 18. Ba1 Ng4 19. e3 Bb7 20. a4 Bh6 21. Qe2 Nge5 22. a5 Bc8 23. Rd4 Nf6 24. h3 g5 25. Nf3 Bf5 26. e4 Nxf3+ 27. Bxf3 Qxd4 28. exf5 Qd3 29. Qxe7 Qxf3 30. Qxf6 Bg7 31. Qxg5 h6 32. Qg4 Qxg4 33. hxg4 Bxc3 34. Bxc3 Rxa5 35. Rd1 Ra3 36. Bd2 Rd3 0-1

[Event "Albacete op 15th"]
[Site "Albacete"]
[Date "2007.09.04"]
[Round "5"]
[White "Villodre Miranda, Juan Alonso"]
[Black "Garcia Gata, Jorge David"]
[Result "0-1"]
[WhiteElo "1890"]
[BlackElo "2110"]
[PlyCount "64"]
[EventDate "2007.09.02"]
[EventType "swiss"]
[EventRounds "9"]
[EventCountry "ESP"]
[SourceTitle "CBM 120 Extra"]
[Source "ChessBase"]
[SourceDate "2007.11.01"]
[SourceVersion "1"]
[SourceVersionDate "2007.11.01"]
[SourceQuality "1"]

1. c4 c5 2. e4 Nc6 3. d3 g6 4. Nc3 Bg7 5. g3 e6 6. Bg2 Nge7 7. Nge2 d6 8. 0-0 0-0 9. Rb1 b6 10. a3 Bb7 11. b4 Nd4 12. Nxd4 cxd4 13. Ne2 Rc8 14. Bb2 e5 15. g4 f5 16. gxf5 gxf5 17. f3 Ng6 18. Bh3 Rc7 19. Bxf5 Nh4 20. Ng3 Nxf5 21. Nxf5 Bc8 22. Ng3 Rcf7 23. Qd2 Bh3 24. Rf2 Rxf3 25. Rxf3 Rxf3 26. Rd1 Qh4 27. Qe1 Bh6 28. Bc1 Bf4 29. Bxf4 exf4 30. Qe2 Qg4 31. Kh1 fxg3 32. hxg3 Rf1+ 0-1

[Event "ESP-chT CECLUB Sur Div 1"]
[Site "Burguillos"]
[Date "2007.08.24"]
[Round "4"]
[White "Perez Pardo, Juan Carlos"]
[Black "Garcia Gata, Jorge David"]
[Result "1-0"]
[WhiteElo "2327"]
[BlackElo "2110"]
[PlyCount "147"]
[EventDate "2007.08.22"]
[EventType "team"]
[EventRounds "6"]
[EventCountry "ESP"]
[SourceTitle "CBM 119 Extra"]
[Source "ChessBase"]
[SourceDate "2007.09.04"]
[SourceVersion "1"]
[SourceVersionDate "2007.09.04"]
[SourceQuality "1"]

1. e4 c5 2. Nf3 d6 3. Bb5+ Bd7 4. Bxd7+ Qxd7 5. c4 Nc6 6. d4 cxd4 7. Nxd4 Nf6 8. f3 Nxd4 9. Qxd4 g6 10. Nc3 Bg7 11. Be3 0-0 12. Qd3 Qc6 13. 0-0 Rfc8 14. b3 Nd7 15. Rac1 Nc5 16. Qd2 Ne6 17. Nd5 Qe8 18. Qf2 Kf8 19. f4 Nc5 20. Bxc5 dxc5 21. e5 e6 22. Nc3 a6 23. Rcd1 Qc6 24. Rd6 Qxd6 25. exd6 Bd4 26. Ne4 Rd8 27. Qxd4 cxd4 28. c5 h6 29. g4 f5 30. Nf2 b6 31. b4 a5 32. a3 axb4 33. axb4 bxc5 34. bxc5 Ra3 35. Re1 Kf7 36. Rb1 Ke8 37. Rb7 Rd7 38. Rb8+ Rd8 39. Rb7 Rc3 40. Re7+ Kf8 41. Rh7 Kg8 42. Rc7 Kf8 43. Rh7 Kg8 44. Rc7 d3 45. d7 Kf8 46. Rc8 Ke7 47. c6 d2 48. gxf5 gxf5 49. Kg2 Rc2 50. Kf3 Rc4 51. Nd1 Rc5 52. Ke2 Rc2 53. Ne3 d1Q+ 54. Kxd1 Rxh2 55. Ke1 Rh3 56. Ke2 Rh2+ 57. Ke1 Rh3 58. c7 Rxe3+ 59. Kf2 Rxd7 60. Re8+ Kxe8 61. c8Q+ Ke7 62. Kxe3 Rd5 63. Qh8 Kd6 64. Qf8+ Kd7 65. Qxh6 Kd6 66. Qf8+ Kd7 67. Qf7+ Kd6 68. Qe8 Rc5 69. Qd8+ Kc6 70. Qe7 Kd5 71. Qd7+ Kc4 72. Qxe6+ Kb5 73. Kd4 Kb4 74. Qd6 1-0

[Event "La Roda op 34th"]
[Site "La Roda"]
[Date "2007.04.06"]
[Round "5"]
[White "Koziak, Vitali"]
[Black "Garcia Gata, Jorge David"]
[Result "1-0"]
[WhiteElo "2461"]
[BlackElo "2134"]
[PlyCount "73"]
[EventDate "2007.04.04"]
[EventType "swiss"]
[EventRounds "9"]
[EventCountry "ESP"]
[SourceTitle "CBM 117 Extra"]
[Source "ChessBase"]
[SourceDate "2007.05.09"]
[SourceVersion "1"]
[SourceVersionDate "2007.05.09"]
[SourceQuality "1"]

1. Nf3 c5 2. c4 Nc6 3. b3 e5 4. d3 g6 5. Bb2 Bg7 6. Nbd2 Nge7 7. e3 0-0 8. Qc2 b6 9. a3 Bb7 10. Be2 Rc8 11. 0-0 d5 12. Rfe1 f5 13. Bf1 h6 14. cxd5 Nxd5 15. Rad1 g5 16. Nc4 Qe7 17. e4 Nf4 18. exf5 Rxf5 19. d4 Nh3+ 20. gxh3 Rxf3 21. dxc5 Rcf8 22. cxb6 axb6 23. Nd6 Ba8 24. Rd2 g4 25. hxg4 Qh4 26. Bg2 Nd4 27. Bxd4 exd4 28. Nf5 Qxg4 29. Ne7+ Kh8 30. Ng6+ Kg8 31. Nxf8 Rc3 32. Qg6 Qxg2+ 33. Qxg2 Bxg2 34. Ne6 Bd5 35. Nxg7 Kxg7 36. Rxd4 Bxb3 37. Rg4+ 1-0

[Event "La Roda op 34th"]
[Site "La Roda"]
[Date "2007.04.05"]
[Round "2"]
[White "Garcia Gata, Jorge David"]
[Black "Bellon Lopez, Juan Manuel"]
[Result "1/2-1/2"]
[WhiteElo "2134"]
[BlackElo "2425"]
[PlyCount "117"]
[EventDate "2007.04.04"]
[EventType "swiss"]
[EventRounds "9"]
[EventCountry "ESP"]
[SourceTitle "CBM 117 Extra"]
[Source "ChessBase"]
[SourceDate "2007.05.09"]
[SourceVersion "1"]
[SourceVersionDate "2007.05.09"]
[SourceQuality "1"]

1. d4 Nf6 2. Nf3 c5 3. d5 d6 4. Nc3 Qa5 5. Bd2 b5 6. Ne4 Qb6 7. Nxf6+ exf6 8. e4 g6 9. a4 b4 10. Bb5+ Bd7 11. Bxd7+ Nxd7 12. 0-0 Bg7 13. a5 Qb5 14. Bf4 Ne5 15. Bxe5 fxe5 16. b3 Bh6 17. Nd2 Bxd2 18. Qxd2 0-0 19. f4 exf4 20. Qxf4 Rae8 21. Rae1 Re5 22. Qf6 Qd7 23. Rf4 Qe7 24. Kf2 Rd8 25. Qxe7 Rxe7 26. Ke3 f5 27. Kd3 Re5 28. Ref1 fxe4+ 29. Rxe4 Rxe4 30. Kxe4 Kg7 31. Kd3 Re8 32. a6 Rb8 33. Re1 Kf8 34. Rf1+ Ke8 35. Re1+ Kd8 36. Rf1 Rb6 37. Rf7 Rxa6 38. Rxh7 Ra1 39. Rg7 Rd1+ 40. Ke2 Rxd5 41. Rxa7 Rg5 42. g3 Rh5 43. h4 g5 44. hxg5 Rxg5 45. Kf3 Rh5 46. Ke4 Re5+ 47. Kf3 Rd5 48. Ke3 Rd1 49. g4 Ke8 50. g5 Rg1 51. Kf4 Rg2 52. Kf5 Kf8 53. Kf6 Rf2+ 54. Ke6 Rxc2 55. Kxd6 c4 56. bxc4 Rxc4 57. Rb7 Rg4 58. Kc5 Rxg5+ 59. Kxb4 1/2-1/2

[Event "ESP-chT 1st div South"]
[Site "Santa Cruz de Tenerife"]
[Date "2006.08.26"]
[Round "5"]
[White "Garcia Gata, Jorge David"]
[Black "Vega Gutierrez, Belinda Vidina"]
[Result "1/2-1/2"]
[WhiteElo "2060"]
[BlackElo "2207"]
[PlyCount "59"]
[EventDate "2006.08.23"]
[EventType "team"]
[EventRounds "5"]
[EventCountry "ESP"]
[SourceTitle "CBM 113 Extra"]
[Source "ChessBase"]
[SourceDate "2006.09.14"]
[SourceVersion "1"]
[SourceVersionDate "2006.09.14"]
[SourceQuality "1"]

1. d4 d5 2. Nf3 e6 3. c4 Nf6 4. Nc3 Be7 5. Bg5 0-0 6. e3 h6 7. Bh4 b6 8. cxd5 exd5 9. Rc1 Bb7 10. Bd3 Nbd7 11. 0-0 c5 12. Bb1 Rc8 13. Ne5 Nxe5 14. dxe5 Ne8 15. Qc2 g6 16. Bg3 d4 17. Ne2 Ng7 18. Nf4 Qe8 19. exd4 cxd4 20. Qb3 Rxc1 21. Rxc1 Bg5 22. h4 Bxf4 23. Bxf4 Qa8 24. Bxh6 Bxg2 25. Bxg7 Kxg7 26. Qg3 Be4 27. Bd3 Bxd3 28. Qxd3 Qd5 29. Re1 Re8 30. Qe4 1/2-1/2